000 00734cai a22001935a 4500
001 L157890
008 130625u2013 xxk g 000 0 eng d
035 _a(Sirsi) u157890
041 0 _aeng
100 _aLown, Mat
245 0 0 _aStock Answer
260 _aRICS
_c2013
520 _aExplores the issues that are driving energy performance improvements to the UK building stock and what the property industry should do to meet the challenges.
650 2 4 _aENERGY ACT 2011
651 4 _aUnited Kingdom
_y
690 _aEnergy performance
856 4 0 _uhttps://www.rics.org/uk/knowledge/journals/building-surveying-journal/building-surveying-journal-may-june-2013/
_zView the report free of charge at www.rics.org.
942 _n0
999 _c121003
_d121003